Macroeconomics (Record no. 51)

000 -LEADER
fixed length control field 00451nam a22001697a 4500
003 - CONTROL NUMBER IDENTIFIER
control field OSt
005 - DATE AND TIME OF LATEST TRANSACTION
control field 20210528131744.0
008 - FIXED-LENGTH DATA ELEMENTS--GENERAL INFORMATION
fixed length control field 210528b ||||| |||| 00| 0 eng d
040 ## - CATALOGING SOURCE
Transcribing agency Alupe University
050 ## - LIBRARY OF CONGRESS CALL NUMBER
Classification number HB172.5
Item number .W55 2009
245 ## - TITLE STATEMENT
Title Macroeconomics
260 ## - PUBLICATION, DISTRIBUTION, ETC.
Place of publication, distribution, etc. Toronto, Canada
Name of publisher, distributor, etc. Pearson Canada
Date of publication, distribution, etc. 2009
300 ## - PHYSICAL DESCRIPTION
Extent xxi, 633 p.
Other physical details : ill.
Dimensions ; 24 cm.
500 ## - GENERAL NOTE
General note includes indexes
650 ## - SUBJECT ADDED ENTRY--TOPICAL TERM
General subdivision Macroeconomics
942 ## - ADDED ENTRY ELEMENTS (KOHA)
Source of classification or shelving scheme
Koha item type Book
Suppress in OPAC MW
Holdings
Withdrawn status Lost status Source of classification or shelving scheme Damaged status Not for loan Permanent Location Current Location Shelving location Date acquired Total Checkouts Full call number Barcode Date last seen Copy number Price effective from Koha item type Public note
          AU LIBRARY AU LIBRARY Open Shelf 28.05.2021   HB172.5 .W55 2009 C1 28000139 28.05.2021 1 28.05.2021 Book MW
          AU LIBRARY AU LIBRARY Open Shelf 28.05.2021   HB172.5 .W55 2009 C2 28003153 28.05.2021 2 28.05.2021 Book MW

Powered by Koha